| 000 | 00797nam a22001937a 4500 | ||
|---|---|---|---|
| 999 |
_c11159 _d11159 |
||
| 003 | AR-CdUCM | ||
| 008 | 190403b ||||| |||| 00| 0 spa d | ||
| 040 |
_aMUNICIPALIDAD PROVINCIAL DEL CUSCO _cBIBLIOTECA MUNICIPAL DEL CUSCO |
||
| 082 |
_22ed. _a651.7 / _bM84 / 1946 |
||
| 100 |
_aMoor, Juan J. _928363 |
||
| 245 | _aCurso básico de redacción comercial / | ||
| 260 |
_aBuenos Aires : _bSelección contable, _c1946. |
||
| 300 |
_a180 páginas : _c28 cm. |
||
| 505 | _aContenido: t.1. Importancia y características de la cara comercial Presentación general de la cara comercial -- Iniciación y final de la cara comercial -- Uso del saludo según los casos ... | ||
| 650 |
_aRedacción comercial _928364 |
||
| 650 |
_aCorrespondencia militar _928365 |
||
| 942 |
_2ddc _cLIBROS |
||
| 945 | _aacv | ||